Najbardziej zalesione województwa w Polsce - Statystyki

Ogólne statystyki
  • Ten quiz został rozwiązany 204 razy
  • Średni wynik to 4 z 6
Statystyki odpowiedzi
Lesistość Województwo % Poprawnych
49,3% lubuskie
79%
31,4% warmińsko-mazurskie
78%
35,6% zachodniopomorskie
77%
36,4% pomorskie
75%
38,2% podkarpackie
72%
32% śląskie
46%
Nie znaleziono quizów pasujących do podanych kryteriów
Rozkład punktacji
Procent ludzi z każdym wynikiem
Percentyl według liczby udzielonych odpowiedzi
Twoja historia wyników
Nie rozwiązałeś tego quizu